| 000 | 00946nam a22002777a 4500 | ||
|---|---|---|---|
| 001 | 3326 | ||
| 003 | FISKH | ||
| 005 | 20240229095424.0 | ||
| 008 | 240227b cb ||||| |||| 00| 0 eng d | ||
| 020 | _a9780545565356 | ||
| 040 |
_aFISKH _beng _cFISKH _dFISKH |
||
| 100 | _aCanizares, Susan | ||
| 245 |
_aThe voyage of Mae Jemison / _cby Susan Canizares ; illustrated by Samantha Berger |
||
| 260 |
_aNew York : _bScholastic , _c2013 |
||
| 300 |
_a16 unnumbered pages : _bcolor illustrations ; _c19 cm . |
||
| 490 | _a Social Studies Emergent Readers | ||
| 505 | _aC | ||
| 520 | _aSimple text and photographs of Mae Jemison and other astronauts introduce some aspects of living and working in space. | ||
| 521 | 8 |
_a150
_bLexile |
|
| 521 | 8 |
_aC
_bRaz-Plus |
|
| 600 |
_2outer space _vnon-fiction |
||
| 650 |
_aastronauts _vnon-fiction |
||
| 700 |
_aBerger, Samatha _eillustrator |
||
| 942 |
_2ddc _cBK _n0 |
||
| 999 |
_c3326 _d3326 |
||